Statistics for Auckland Arterial Roads with Map

Click here to take the quiz!

General Stats

  • This quiz has been taken 497 times
    (387 since last reset)
  • The average score is 47 of 130

Answers on the Map

Answers color-coded by a green-red scale on the quiz's map according to % correct below.
 

Answer Stats

Answer% Correct
Great North Road
89%
Great South Road
88%
Dominion Road
86%
Tamaki Drive
78%
Quay Street
75%
Symonds Street
72%
Mount Eden Road
71%
New North Road
71%
Remuera Road
69%
Manukau Road
67%
Mount Albert Road
63%
Karangahape Road
62%
Te Atatu Road
62%
Broadway
59%
Khyber Pass Road
58%
Hobson Street
57%
Nelson Street
57%
Beach Road
56%
Lake Road
56%
Green Lane East
55%
Green Lane West
55%
Lincoln Road
55%
Wellesley Street
55%
Balmoral Road
54%
St Lukes Road
54%
Grafton Road
52%
Blockhouse Bay Road
51%
Pakuranga Road
51%
Te Irirangi Drive
51%
Hillsborough Road
50%
Constellation Drive
49%
Fanshawe Street
49%
Customs Street
48%
Ellerslie Panmure Highway
48%
Glenfield Road
46%
Mayoral Drive
46%
Mount Wellington Highway
46%
Onewa Road
45%
Ti Rakau Drive
45%
Albany Highway
44%
Anzac Avenue
44%
East Coast Road
44%
Titirangi Road
44%
Gillies Avenue
43%
Cook Street
41%
Newton Road
41%
Highbrook Drive
39%
Puhinui Road
39%
Dominion Road Extension
38%
Chapel Road
37%
East Tamaki Road
37%
Neilson Street
37%
Park Road
37%
Northcote Road
36%
Pah Road
36%
The Strand
36%
Carrington Road
35%
St Johns Road
34%
Oteha Valley Road
33%
Redoubt Road
33%
Wairau Road
33%
Church Street
32%
Esmonde Road
32%
Portage Road
32%
Ngapipi Road
31%
Pakuranga Highway
31%
Ian McKinnon Drive
30%
Kohimarama Road
30%
Queenstown Road
30%
St Heliers Bay Road
30%
Whitford Road
30%
Kepa Road
29%
Mount Smart Road
29%
Upper Harbour Highway
29%
Ormiston Road
28%
Ash Street
27%
Akoranga Drive
26%
Halsey Street
26%
Rata Street
26%
South Eastern Highway
26%
Union Street
26%
Wiri Station Road
26%
Forrest Hill Road
25%
Stanley Street
25%
St Marks Road
25%
Tristram Avenue
25%
White Swan Road
25%
Albany Expressway
24%
Penrose Road
24%
Sylvia Park Road
24%
Upper Harbour Drive
24%
Barrys Point Road
23%
Cavendish Drive
23%
Harris Road
23%
Hurstmere Road
23%
Lagoon Drive
23%
Lambie Drive
23%
Mangere Road
23%
George Bolt Memorial Drive
22%
Massey Road
22%
Smales Road
22%
Manukau Station Road
21%
Waipuna Road
21%
Anzac Street
19%
Clark Street
19%
College Road
19%
Godley Road
19%
Mays Road
19%
Owens Road
19%
Taharoto Road
19%
Wolverton Street
19%
St Jude Street
18%
Apirana Avenue
17%
Springs Road
17%
Jellicoe Road
16%
Kirkbride Road
16%
Ridge Road
16%
Birkenhead Avenue
15%
Merton Road
15%
Picton Street
15%
Alex Evans Street
14%
Allens Road
14%
Donovan Street
14%
Pilkington Road
14%
Atkinson Avenue
13%
Preston Road
11%
Tom Pearce Drive
11%
Kinross Street
10%

Score Distribution

Percentile by Number Answered

Percent of People with Each Score

Your Score History

You have not taken this quiz since the last reset